Online Catalogue and eLibrary

70 dhashakaye sinhala nawakathawa (Record no. 4838)

MARC details
000 -LEADER
fixed length control field 00406nam a2200157Ia 4500
005 - DATE AND TIME OF LATEST TRANSACTION
control field 20250701012954.0
008 - FIXED-LENGTH DATA ELEMENTS--GENERAL INFORMATION
fixed length control field 240331s9999 xx 000 0 und d
020 ## - INTERNATIONAL STANDARD BOOK NUMBER
ISBN 9559521144
082 ## - DDC Classification
Item Number - Author Mark KUM
Class No. 891
100 ## - MAIN ENTRY--PERSONAL NAME
Personal name Kumarasinghe,K
245 #0 - TITLE STATEMENT
Title 70 dhashakaye sinhala nawakathawa
260 ## - PUBLICATION, DISTRIBUTION, ETC.
Place of publication, distribution, etc. Kelaniya
Name of publisher, distributor, etc. Shila Printing Works
Date of publication, distribution, etc. 1995
300 ## - PHYSICAL DESCRIPTION
Extent (e.g. Volumes, Pages etc.) 137 p .,
500 ## - GENERAL NOTE
General note Sinhala in the 70s Novels
942 ## - Koha item type (Biblio)
Koha item type Books in Stacks (Lending)
Holdings
Lost status Damaged status Collection code Home library Current library Shelving location Date acquired Full call number Accession Number Item type
    Lending WERC Library WERC Library Social Science Cupboard 03/31/2024 891.48 KUM 5235 Books in Stacks (Lending)

© WERC Library